| Поле | Инд. | ПП | Название | Значение |
|---|---|---|---|---|
| Тип записи | a | |||
| Библиографический уровень | b | |||
| 001 | Контрольный номер | RU/IS/BASE/141131797 | ||
| 005 | Дата корректировки | 20200610181741.3 | ||
| 084 | a | Индекс другой классификации/Индекс ББК | 60.561.2в631; 65.011.311в631 | |
| 100 | 1_ | a | Автор | Бидихова И. С. |
| 245 | a | Заглавие | Методические основы оценки конкурентоспособности товара: социологический анализ | |
| 504 | a | Библиография | Библиогр. ссылки | |
| 650 | a | Основная рубрика | социология | |
| a | Основная рубрика | экономика | ||
| a | Основная рубрика | экономическая социология | ||
| a | Основная рубрика | экономическая теория | ||
| 653 | a | Ключевые слова | конкурентоспособность | |
| a | Ключевые слова | меновая стоимость | ||
| a | Ключевые слова | потребительная стоимость | ||
| a | Ключевые слова | потребительские свойства | ||
| a | Ключевые слова | продукция | ||
| a | Ключевые слова | стоимость | ||
| a | Ключевые слова | товары | ||
| a | Ключевые слова | экономико-математические методы | ||
| 773 | t | Заглавие источника | Вестник Московского университета. Серия 18, Социология и политология | |
| d | Дата издания источника | 2001 | ||
| g | Прочая информация | № 4. - С. 163 - 174 | ||
| w | Контрольный № источника | RU/IS/BASE/148578751 | ||
| 901 | t | Тип документа | b |